| 000 | 00709nam a2200241 a 4500 | ||
|---|---|---|---|
| 001 | 000007091 | ||
| 003 | 000007091 | ||
| 005 | 20180409105632.0 | ||
| 008 | 090904s1981 dr 001 0 spa d | ||
| 040 |
_aBPMSU _bspa _cBPMSU |
||
| 049 | _aBNPD | ||
| 092 |
_axxx _bC965c |
||
| 100 | 1 |
_aCuello, Antonio _d1906- |
|
| 245 | 1 | 0 |
_aColección de pensamientos : _bsobre proverbio y aforismo / _cAntonio Cuello |
| 250 | _a2a. ed. | ||
| 260 |
_aSanto Domingo : _bTaller, _c2008 |
||
| 300 |
_a116 p. ; _c21 cm. |
||
| 500 | _aIncluye datos biográficos en la página 1 | ||
| 500 | _aIncluye índice | ||
| 942 |
_2ddc _cBK |
||
| 945 | _aremanejado para la BNPHU / BT | ||
| 956 |
_aVMATEO _b10 _c20150914 _lBPMSU _h0069 |
||
| 999 |
_c7156 _d7156 |
||